000 00376nam a2200157Ia 4500
008 230917s9999||||xx |||||||||||||| ||und||
040 _e229529
_aMAIN
041 _aEnglish
082 _a005.133 K13L(19)
100 _aKanetkar, Yashavant P
245 0 _aLet us C
250 _a19th ed.
260 _aNew Delhi
_bBPB Publications
_c2023
300 _a492 p.
942 _cBK
999 _c180838
_d180838